| 000 | 00733cab a22002055a 4500 | ||
|---|---|---|---|
| 001 | L157927 | ||
| 008 | 130723e20130713xxk 000 0 eng d | ||
| 035 | _a(Sirsi) u157927 | ||
| 041 | 0 | _aeng | |
| 100 | 1 | _aNicholson, Kirsty | |
| 245 | 0 | 0 | _aKnow Your Tartan Terms |
| 260 | _c2013 | ||
| 490 |
_aEstates Gazette _v(1328) 13 July 2013, 78-79(2) |
||
| 520 | _aMainly for students article explains the key differences between English and Scottish property law. Includes information on examining and reporting on title, negotiating the terms of a lease and agreeing a contract and exchanging or completing a deal. | ||
| 590 | _aKA | ||
| 651 | 4 | _aEngland | |
| 651 | 4 | _aScotland | |
| 690 |
_aCommercial property _96227 |
||
| 942 | _n0 | ||
| 999 |
_c84489 _d84489 |
||